ARRUPE JESUIT UNIVERSITY

CORONAVIRUS -STOP THE SPREAD - CLEAN,DISINFECT,COVER

Rise and progress of universities and, Benedictine essays / (Record no. 118304)

MARC details
000 -LEADER
fixed length control field 01539cam a22003614a 4500
001 - CONTROL NUMBER
control field 12234008
003 - CONTROL NUMBER IDENTIFIER
control field ARRUPE
005 - DATE AND TIME OF LATEST TRANSACTION
control field 20131009165627.0
008 - FIXED-LENGTH DATA ELEMENTS--GENERAL INFORMATION
fixed length control field 001117s2001 enk b 000 0 eng
010 ## - LIBRARY OF CONGRESS CONTROL NUMBER
LC control number 00066961
020 ## - INTERNATIONAL STANDARD BOOK NUMBER
International Standard Book Number 0852444494 (U.K. : cloth)
020 ## - INTERNATIONAL STANDARD BOOK NUMBER
International Standard Book Number 0268040052 (U.S. : cloth : alk. paper)
040 ## - CATALOGING SOURCE
Original cataloging agency DLC
Transcribing agency DLC
Modifying agency DLC
042 ## - AUTHENTICATION CODE
Authentication code pcc
050 00 - LIBRARY OF CONGRESS CALL NUMBER
Classification number LA174
Item number .N49 2001
300 ## - PHYSICAL DESCRIPTION
Dimensions 20 cm.
100 1# - MAIN ENTRY--PERSONAL NAME
Personal name Newman, John Henry,
Dates associated with a name 1801-1890.
9 (RLIN) 2352
245 10 - TITLE STATEMENT
Title Rise and progress of universities and, Benedictine essays /
Statement of responsibility, etc by John Henry Newman ; with an introduction and notes by Katherine Tillman.
260 ## - PUBLICATION, DISTRIBUTION, ETC. (IMPRINT)
Place of publication, distribution, etc Leominster, Herfordshire :
Name of publisher, distributor, etc Gracewing ;
Place of publication, distribution, etc Notre Dame, Ind. :
Name of publisher, distributor, etc University of Notre Dame Press,
Date of publication, distribution, etc 2001.
300 ## - PHYSICAL DESCRIPTION
Extent lxxvi, 513 p. ;
490 1# - SERIES STATEMENT
Series statement The works of Cardinal John Henry Newman ;
Volume number/sequential designation v. 3
504 ## - BIBLIOGRAPHY, ETC. NOTE
Bibliography, etc Includes bibliographical references.
610 20 - SUBJECT ADDED ENTRY--CORPORATE NAME
Corporate name or jurisdiction name as entry element Benedictines.
9 (RLIN) 2353
650 #0 - SUBJECT ADDED ENTRY--TOPICAL TERM
Topical term or geographic name as entry element Education, Higher
General subdivision History.
9 (RLIN) 2354
650 #0 - SUBJECT ADDED ENTRY--TOPICAL TERM
Topical term or geographic name as entry element Universities and colleges
General subdivision History.
9 (RLIN) 2355
650 #0 - SUBJECT ADDED ENTRY--TOPICAL TERM
Topical term or geographic name as entry element Catholic schools.
9 (RLIN) 2356
700 1# - ADDED ENTRY--PERSONAL NAME
Personal name Tillman, Mary Katherine.
9 (RLIN) 2357
700 12 - ADDED ENTRY--PERSONAL NAME
Personal name Newman, John Henry,
Dates associated with a name 1801-1890.
Title of a work Benedictine essays.
9 (RLIN) 2358
740 02 - ADDED ENTRY--UNCONTROLLED RELATED/ANALYTICAL TITLE
Uncontrolled related/analytical title Benedictine essays.
800 1# - SERIES ADDED ENTRY--PERSONAL NAME
Personal name Newman, John Henry,
Dates associated with a name 1801-1890.
Title of a work Works.
Date of a work 2000 ;
Volume/sequential designation v. 3.
9 (RLIN) 2359
906 ## - LOCAL DATA ELEMENT F, LDF (RLIN)
a 7
b cbc
c orignew
d 1
e ocip
f 20
g y-gencatlg
942 ## - ADDED ENTRY ELEMENTS (KOHA)
Source of classification or shelving scheme Library of Congress Classification
Koha item type Monograph ( Printed materials)
Holdings
Withdrawn status Lost status Source of classification or shelving scheme Damaged status Not for loan Home library Current library Shelving location Date acquired Total Checkouts Full call number Barcode Date last seen Date checked out Price effective from Koha item type
    Library of Congress Classification     ARRUPE LIBRARY ARRUPE LIBRARY Main Collection 09/10/2013 1 LA174 .N49 2001 46411065 11/03/2020 20/02/2020 09/10/2013 Monograph ( Printed materials)

 

Arrupe Library. PO Box MP320 Mt Pleasant, Harare, Zimbabwe
263 242 745411|librarian@aju.ac.zw